La Mutualidad de la administración local : ley y estatutos / ley y estatutos /
Descripción Física:
418 pàgines ; 21 cm
Otros Autores:
Abella y Fuertes, Joaquín
MARC
| LEADER | 00000nam a2200000Ia 4500 | ||
|---|---|---|---|
| 001 | 18440 | ||
| 003 | AGDB | ||
| 005 | 20260324175228.0 | ||
| 008 | 160829s1961 xx 000 0 cat d | ||
| 017 | |2 Oficina Dipòsit Legal Madrid |a M 4435-1961 | ||
| 080 | |a D-3-137 | ||
| 245 | |a La Mutualidad de la administración local : |b ley y estatutos / |c por la redacción de El Consultor de los Ayuntamientos | ||
| 260 | |a Madrid : |b Abella, |c 1961 | ||
| 300 | |a 418 pàgines ; |c 21 cm | ||
| 650 | 0 | |a Administració local |x Dret i legislació |z Espanya |9 11255 | |
| 650 | |a Mutualisme |x Legislació |x Espanya |9 22102 | ||
| 700 | |a Abella y Fuertes, Joaquín |9 72874 | ||
| 901 | |a Arxiu | ||
| 942 | |n 1 |2 udc |c ARXIU | ||
| 952 | |0 0 |1 0 |4 0 |6 D3137 |7 1 |9 42060 |a Arxiu |b Arxiu |d 2016-12-01 |l 0 |o D-3-137 |p 18440 |r 2016-12-01 00:00:00 |w 2016-12-01 |y ARXIU | ||
| 999 | |c 44507 |d 44507 | ||